header

Systematics of the Caligidae, copepods parasitic on marine fishes (Record no. 77882)

MARC details
000 -LEADER
fixed length control field 01220nam a2200325 a 4500
100 1# - MAIN ENTRY--AUTHOR NAME
Personal name Dojiri, M.
245 10 - TITLE STATEMENT
Title Systematics of the Caligidae, copepods parasitic on marine fishes
260 ## - PUBLICATION, DISTRIBUTION, ETC. (IMPRINT)
Place of publication Leiden ;
-- Boston :
Name of publisher Brill,
Year of publication c2013.
300 ## - PHYSICAL DESCRIPTION
Number of Pages xii, 448 p. :
Other physical details ill.
650 #0 - SUBJECT ADDED ENTRY--TOPICAL TERM
Topical Term Caligidae.
Topical Term Copepoda.
Topical Term Parasites.
700 1# - ADDED ENTRY--PERSONAL NAME
Personal name Ho, J.-S.
856 40 - ELECTRONIC LOCATION AND ACCESS
Uniform Resource Identifier http://site.ebrary.com/lib/rucke/Doc?id=10656004

No items available.

© 2026 Rongo University
Contact us: librarian | system librarian | Rongo university